000 00987nam a22002897a 4500
999 _c20201
_d20201
005 20191224042348.0
008 180528s2007 ck ||||| |||| 00| 0 spa d
020 _a9789589808474
040 _aCO-BoIAVH
_cCO-BoIAVH
041 _aspa
044 _ack
082 _a578.014
_bA55l
100 _aAndrade, Gonzalo
_eeditor
245 1 4 _aLos tipos nomenclaturales depositados en la colección zoológica del instituto de ciencias naturales
260 _aBogotá:
_bUniversidad Nacional de Colombia, Facultad de Ciencias, Instituto de Ciencias Naturales.
_c2007.
300 _a211. páginas
_c24 x 16 centimetros
650 1 4 _aColecciones
_xCrustácea, porifera y Annelida
650 1 4 _aEntomología
650 1 4 _aAracnología
650 1 4 _aIctiología
650 1 4 _aAnfibios
650 1 4 _aReptiles
650 1 4 _aMamiferos
650 1 4 _aOrnitología
700 _aLynch, John
942 _2ddc
_cLIBRO